<?xml version="1.0" encoding="UTF-8"?><?xml-stylesheet type="text/xsl" href="static/style.xsl"?><OAI-PMH xmlns="http://www.openarchives.org/OAI/2.0/" xmlns:xsi="http://www.w3.org/2001/XMLSchema-instance" xsi:schemaLocation="http://www.openarchives.org/OAI/2.0/ http://www.openarchives.org/OAI/2.0/OAI-PMH.xsd"><responseDate>2026-04-27T07:59:15Z</responseDate><request verb="GetRecord" identifier="oai:uvadoc.uva.es:10324/7238" metadataPrefix="marc">https://uvadoc.uva.es/oai/request</request><GetRecord><record><header><identifier>oai:uvadoc.uva.es:10324/7238</identifier><datestamp>2021-06-29T10:11:59Z</datestamp><setSpec>com_10324_38</setSpec><setSpec>col_10324_852</setSpec></header><metadata><record xmlns="http://www.loc.gov/MARC21/slim" xmlns:doc="http://www.lyncode.com/xoai" xmlns:xsi="http://www.w3.org/2001/XMLSchema-instance" xmlns:dcterms="http://purl.org/dc/terms/" xsi:schemaLocation="http://www.loc.gov/MARC21/slim http://www.loc.gov/standards/marcxml/schema/MARC21slim.xsd">
<leader>00925njm 22002777a 4500</leader>
<datafield tag="042" ind1=" " ind2=" ">
<subfield code="a">dc</subfield>
</datafield>
<datafield tag="720" ind1=" " ind2=" ">
<subfield code="a">Martín Carreras, Nuria</subfield>
<subfield code="e">author</subfield>
</datafield>
<datafield tag="260" ind1=" " ind2=" ">
<subfield code="c">2014</subfield>
</datafield>
<datafield tag="520" ind1=" " ind2=" ">
<subfield code="a">La alergia supone una problemática cada vez mayor, que afecta sobre todo a niños y adolescentes. Los niños pasan gran parte del día en los centros educativos, y por ello los profesionales docentes debemos conocer la alergia y sus reacciones para saber cómo hacerles frente en la escuela. En este Trabajo de Fin de Grado se desarrollan las pautas que ha de seguir el profesorado, sobre todo el de Educación Infantil, para conocer y prevenir la alergia, y para saber actuar ante las emergencias derivadas de ella que pueden producirse en los centros educativos.</subfield>
</datafield>
<datafield tag="024" ind2=" " ind1="8">
<subfield code="a">http://uvadoc.uva.es/handle/10324/7238</subfield>
</datafield>
<datafield ind1=" " ind2=" " tag="653">
<subfield code="a">Alergias - Enfermedades en el niño</subfield>
</datafield>
<datafield tag="245" ind1="0" ind2="0">
<subfield code="a">Protocolo de actuación ante reacciones alérgicas y anafilaxias en el alumnado de Educación Infantil. Formación docente específica.</subfield>
</datafield>
</record></metadata></record></GetRecord></OAI-PMH>